All ITZY Songs (until Tunnel Vision) - Statistics

General Stats
  • This quiz has been taken 203 times
    31 since last reset
  • The average score is 62 of 98
Answer Stats
Answer % Correct
DALLA DALLA
100%
SNEAKERS
100%
WANNABE
100%
ICY
94%
LOCO
94%
Boys Like You
88%
CAKE
88%
GOLD
88%
Mafia In The Morning
88%
Not Shy
88%
BORN TO BE
82%
Crown On My Head (YEJI)
82%
Imaginary Friend
82%
RINGO
82%
Blossom (LIA)
76%
Mr. Vampire
76%
SWIPE
76%
THAT'S A NO NO
76%
Trust Me: MIDZY
76%
TUNNEL VISION
76%
Yet, but (YUNA)
76%
Cheshire
71%
DOMINO
71%
Escalator
71%
FIVE
71%
Girls Will Be Girls
71%
None of My Business
71%
RACER
71%
Run Away (RYUJIN)
71%
SHOOT!
71%
TENNIS (0:0)
71%
#Twenty
71%
VAY (feat. Changbin)
71%
Voltage
71%
24HRS
65%
365
65%
Algorhythm
65%
Bad Girls R Us
65%
Be In Love
65%
BET ON ME
65%
Blah Blah Blah
65%
DYT
65%
Focus
65%
Gas Me Up
65%
iD
65%
IT'z SUMMER
65%
Kill Shot
65%
Mine (CHAERYEONG)
65%
No Biggie
65%
Psychic Lover
65%
Snowy
65%
Sugar-Holic
65%
TING TING TING
65%
UNTOUCHABLE
65%
WANT IT?
65%
Wild Wild West
65%
8-BIT HEART
59%
Bratty
59%
CHERRY
59%
Don't Give A What
59%
Dynamite
59%
Freaky
59%
Free Fall
59%
I DON'T WANNA DANCE
59%
Louder
59%
Mirror
59%
ROCK & ROLL
59%
Sooo LUCKY
59%
Sorry Not Sorry
59%
Supernatural
59%
SURF
59%
Chillin' Chillin'
53%
Flicker
53%
KIDDING ME
53%
Kiss & Tell
53%
LOVE is
53%
Nocturne
53%
Playlist
53%
Trigger
53%
WHAT I WANT
53%
B(OO)M-BOXX
47%
NOBODY LIKE YOU
47%
Promise
47%
Spice
47%
STYLE
47%
Walk
47%
YOU MAKE ME
47%
Air
41%
Can't tie me down
41%
I. I. Know Me
41%
Like Magic
41%
Locked N Loaded
41%
Out of season
35%
Wind Ride
35%
Break My Heart Myself
29%
258
24%
Can’t Slow Me, No
24%
Invasion
18%
No matching quizzes found
Score Distribution
Percent of People with Each Score
Percentile by Number Answered
Your Score History
You have not taken this quiz since the last reset